| 000 | 00500nam a2200193 a 4500 | ||
|---|---|---|---|
| 005 | 20240809063826.0 | ||
| 008 | 991125s1993 mx 000 0 spa u | ||
| 020 | _a9681901600 | ||
| 035 | _aUPN01000008171 | ||
| 049 | _aI | ||
| 050 | 4 |
_aAE61 B598 _bB598 no.34 |
|
| 100 | 1 | _aPlatt, Richard | |
| 245 | 1 | 3 | _aEl cine. |
| 260 |
_aMéxico : _bAltea, _c1993. |
||
| 300 |
_a64 p. : _bil. col. |
||
| 440 | 0 |
_aBiblioteca visual Altea ; _v34 |
|
| 650 | 0 |
_aCinematografĂa _xHistoria _910591 |
|
| 905 | _aInfantil | ||
| 999 |
_c8171 _d8171 |
||